Cats in Ghibli Movies - Picture Click Quiz - Statistics

General Stats
  • This quiz has been taken 492 times
  • The average score is 7 of 9
Answer Stats
Hint Answer % Correct
My Neighbor Totoro
94%
Kiki's Delivery Service
93%
The Cat Returns
88%
Arrietty
84%
The Tale of the Princess Kaguya
81%
Pom Poko
79%
Earwig and the Witch
75%
Whisper of the Heart
69%
Only Yesterday
68%
No matching quizzes found
Score Distribution
Percent of People with Each Score
Percentile by Number Answered
Your Score History
You have not taken this quiz